| 000 | 00821nam a2200193 a 4500 | ||
|---|---|---|---|
| 001 | 001080261 | ||
| 003 | AM-YeHGA | ||
| 005 | 20250617151341.0 | ||
| 008 | 150519s1975 ||| r 000 0 rus d | ||
| 040 | _aAM-YeHGA | ||
| 041 | 0 | _arus | |
| 245 | 0 | 0 |
_aМини-ЭВМ : _bПринципы построения и проектирования / _cА.В. Палагин и др. ; АН УССР, Ин-т кибернетики. |
| 260 |
_aКиев : _bНаук. думка, _c1975. |
||
| 300 |
_a200 с. : _bграф. |
||
| 653 | 0 | _aВычислительные машины, электронные на интегральных микросхемах - Проектирование | |
| 700 | 1 | _aПалагин, Александр Васильевич | |
| 710 | 2 | _aАкадемия наук УССР | |
| 090 | _c351309 | ||
| 999 |
_c349498 _d349498 |
||